| 000 | 02364cam a2200373 a 4500 | ||
|---|---|---|---|
| 999 |
_c328828 _d328828 |
||
| 001 | 16104681 | ||
| 003 | ASAB | ||
| 005 | 20170417155649.0 | ||
| 008 | 100223s2011 nyua b 001 0 eng | ||
| 010 | _a 2010007621 | ||
| 020 | _a978-81-313-0409-9 | ||
| 035 | _a(DNLM)101524909 | ||
| 040 |
_aDNLM/DLC _cASAB |
||
| 042 | _apcc | ||
| 050 | 0 | 0 |
_aQP551 _b.P75672 2011 |
| 060 | 1 | 0 |
_aQU 58.5 _bP96747 2010 |
| 082 | 0 | 0 |
_a572.6 _222 |
| 245 | 0 | 0 |
_aProteomics : _cby B.D. Ranjitha Kumari |
| 260 |
_aNew Delhi. _bA.P.H. Publishing corporation. _cc2008. |
||
| 300 |
_axi, 155 p. : _c24 cm. |
||
| 650 | 0 | _aProteomics. | |
| 650 | 1 | 2 |
_aProteomics _xmethods. |
| 906 |
_a7 _bcbc _corignew _d1 _eecip _f20 _gy-gencatlg |
||
| 942 |
_2ddc _cBK |
||